| 000 | 00595nam a2200229Ia 4500 | ||
|---|---|---|---|
| 003 | OSt | ||
| 005 | 20220918225256.0 | ||
| 006 | a|||||r|||| 00| 0 | ||
| 007 | ta | ||
| 008 | 220917b |||||||| |||| 00| 0 eng d | ||
| 024 | _a239,410 | ||
| 037 | _cTextual | ||
| 040 |
_aARTS _cARTS _beng |
||
| 041 |
_2eng _aeng |
||
| 082 | _aW.41.N7, L4 | ||
| 100 | _aTownsend James R | ||
| 245 | 0 | _aPolitics in China | |
| 260 |
_aBoston _bLittle, Brown and Company _c1974 |
||
| 650 | _aPOLITICAL SCIENCE | ||
| 942 |
_hW.41.N7, L4 _cTEXL _2CC |
||
| 999 |
_c284158 _d284158 |
||